Special report: commercial and residential websites (Record no. 70556)

MARC details
000 -LEADER
fixed length control field 01105cam a2200253 4500
001 - CONTROL NUMBER
control field ABS65626
008 - FIXED-LENGTH DATA ELEMENTS--GENERAL INFORMATION
fixed length control field 020624n2002 000 0 eng u
035 ## - SYSTEM CONTROL NUMBER
System control number (Sirsi) u118510
100 ## - MAIN ENTRY--PERSONAL NAME
Personal name Brabbs, C.
245 ## - TITLE STATEMENT
Title Special report: commercial and residential websites
260 ## - PUBLICATION, DISTRIBUTION, ETC.
Date of publication, distribution, etc. 2002
490 ## - SERIES STATEMENT
Series statement Estates Gazette
Volume/sequential designation (0222) 1 June 2002, 97-101(4)
520 ## - SUMMARY, ETC.
Summary, etc. Two articles which discuss how the popularity of online residential sales sites are outstripping commercial property websites. Explores some of the reasons which concern commercial property clients such as whether commercial websites will be able to guarantee secure transactions. Also examines the business arguments for several of the UK's largest residential websites preparing to charge estate agents for advertising their properties.
590 ## - LOCAL NOTE (RLIN)
Local note ABS
650 ## - SUBJECT ADDED ENTRY--TOPICAL TERM
Topical term or geographic name entry element RESIDENTIAL SALES
650 ## - SUBJECT ADDED ENTRY--TOPICAL TERM
Topical term or geographic name entry element SECURE TRANSACTIONS
650 ## - SUBJECT ADDED ENTRY--TOPICAL TERM
Topical term or geographic name entry element E-COMMERCE
650 ## - SUBJECT ADDED ENTRY--TOPICAL TERM
Topical term or geographic name entry element ESTATE AGENTS
650 ## - SUBJECT ADDED ENTRY--TOPICAL TERM
Topical term or geographic name entry element PROPERTY-COMMERCIAL PROPERTY
650 ## - SUBJECT ADDED ENTRY--TOPICAL TERM
Topical term or geographic name entry element CLIENTS
690 ## - LOCAL SUBJECT ADDED ENTRY--TOPICAL TERM (OCLC, RLIN)
Topical term or geographic name as entry element INFORMATION TECHNOLOGY-INTERNET
700 ## - ADDED ENTRY--PERSONAL NAME
Personal name Norwood, G.
942 ## - ADDED ENTRY ELEMENTS (KOHA)
Suppress in OPAC 0
Holdings
Withdrawn status Lost status Source of classification or shelving scheme Damaged status Not for loan Home library Current library Shelving location Date acquired Total Checkouts Full call number Barcode Date last seen Copy number Price effective from Koha item type
    Dewey Decimal Classification     London London Journal article 24/06/2002   ABS65626 118510-1001 06/08/2019 1 06/08/2019 Journal article